000 00579nam a22002057a 4500
003 OSt
005 20250612152425.0
008 250612b |||||||| |||| 00| 0 eng d
020 _a9789811597039
040 _aKABU
_cKABU
050 _aQD921
_b.L86 2020
100 _aLuo, Zhixun
245 _aMetal clusters and their reactivity /
_cZhixun Luo & Shiv N. Khanna
260 _aGateway East, Singapore:
_bSpringer,
_c2020
300 _axiv, 267p.
504 _aIncludes bibliographical references
650 _aMetal clusters
700 _aKhanna, Shiv N.
942 _2lcc
_cBK
999 _c20724
_d20723